000 00297nam a2200109Ia 4500
008 200302s9999 xx 000 0 und d
100 _aP K Joshi, T P singh
245 _aGeoinformatics for Climate Change studies
260 _bThe Energy and Resources Institute
260 _c2013
300 _a470 P
999 _c4278
_d4278